Movies Quiz

Random Movies or Star Wars Quiz

Names of Star Wars Villians Quiz Stats

 Plays Quiz not verified by Sporcle

Challenge
Share
Tweet
Embed
Score 0/10 Timer 06:00
0 Plays Today
Hint: Villian: % Correct
Darth Sidious' apprentice in The Phantom MenaceDarth Maul
98.7%
Naboo senator also known as Darth SidiousEmperor Palpatine
93.4%
Bounty hunter, template for all the clones who made up the Republic's armyJango Fett
90.8%
Separatist leader and Sith apprentice also known as Darth TyranusCount Dooku
89.5%
Sith Lord born as Jacen SoloDarth Caedus
25%
He is head of the Black Sun criminal syndicatePrince Xizor
23.7%
Sith Lord that trained PalpatineDarth Plagueis
21.1%
Fallen Jedi who establishes a dark side presence on Yavin IVExar Kun
17.1%
Sith Lord trained by Darth Bane and Darth ZannahDarth Cognus
11.8%
The Supreme Overlord of the Yuuzhan Vong EmpireShimrra Jamaane
5.3%

You're not logged in!

Compare scores with friends on all Sporcle quizzes.
OR
Log In

You Might Also Like...

Show Comments

Extras

Top Quizzes Today


Score Distribution

Your Account Isn't Verified!

In order to create a playlist on Sporcle, you need to verify the email address you used during registration. Go to your Sporcle Settings to finish the process.

Report this User

Report this user for behavior that violates our Community Guidelines.

Details: